000 00724cam a2200265 4500
008 090401t1995 xxu||||| |||| 00| 0 eng d
020 _a0117531456
035 _a(Sirsi) u52574
041 _aeng
050 _a333.73
100 _aWhitehill, Clark
245 _aDerelict land prevention and the planning system: final report.
260 _aLondon
_bHMSO
_c1995
300 _axii,123p. ; 30cm.
350 _a22
650 _aDERELICT LAND
650 _aDEVELOPMENT PROCESS
650 _aLAND RECLAMATION
690 _aLAND
700 _aLeighton, Berwin
710 _aArup Economics and Planning
_9699
710 _aUnited Kingdom
_bDepartment of the Environment
_9982
942 _n0
948 _c04/03/1997
999 _c93107
_d93107